LEADER 01427cam2-2200421---450- 001 990001990000203316 005 20140109085038.0 035 $a000199000 035 $aUSA01000199000 035 $a(ALEPH)000199000USA01 035 $a000199000 100 $a20040908d1986----km-y0itay50------ba 101 1 $aita$ceng 102 $aIT 105 $ay|||||||001yy 200 1 $aAnalisi spaziale$eun'introduzione geocartografica$fDavid Unwin$ga cura di Piergiorgio Landini e Gerardo Massimi 210 $aMilano$cAngeli$d1986 215 $a289 p.$d22 cm 225 2 $aGeografia e società$v29 300 $aTraduzione di Gerardo Massimi 410 0$1001000114889$12001$aGeografia e società$v, 29 454 0$12001$aIntroductory spatial analysis$918664 606 0 $aCarte geografiche$xAnalisi$xMetodi matematici$2BNCF 676 $a912.0151 700 1$aUNWIN,$bDavid$c$09963 702 1$aLANDINI,$bPiergiorgio 702 1$aMASSIMI,$bGerardo 801 0$aIT$bsalbc$gISBD 912 $a990001990000203316 951 $aIII.1. Coll. 3/ 48(I C Coll. 49/29)$b22710 L.M.$cIII.1. Coll.$d00350903 959 $aBK 969 $aUMA 979 $aSIAV4$b10$c20040908$lUSA01$h1405 979 $aCOPAT1$b90$c20050314$lUSA01$h1352 979 $aANNAMARIA$b90$c20140109$lUSA01$h0845 979 $aANNAMARIA$b90$c20140109$lUSA01$h0850 996 $aIntroductory spatial analysis$918664 997 $aUNISA LEADER 01403nam a2200337 i 4500 001 991000928949707536 005 20020507180035.0 008 950207s1994 uk ||| | eng 020 $a0521469015 035 $ab10777179-39ule_inst 035 $aLE01304462$9ExL 040 $aDip.to Matematica$beng 082 0 $a516.35 084 $aAMS 14-01 084 $aAMS 14N05 100 1 $aHodge, W. V. D.$0534556 245 10$aGeneral theory of algebraic varieties in projective space ; Quadrics and Grassmann varieties :$bbook III ; book IV /$cby W. V. D. Hodge and D. Pedoe 260 $aCambridge :$bCambridge University Press,$c1994 300 $aix, 394 p. ;$c23 cm. 490 0 $aMethods of algebraic geometry ;$v2 500 $a1Book III : General theory of algebraic varieties in projective space ; Book IV : Quadrics and Grassmann varieties 500 $a21st ed. 1952 650 4$aAlgebraic geometry-textbooks 650 4$aProjective techniques 700 1 $aPedoe, Daniel 907 $a.b10777179$b23-02-17$c28-06-02 912 $a991000928949707536 945 $aLE013 14-XX HOD11 V.II C.3 (1994)$cV. 2$g3$i2013000021959$lle013$o-$pE0.00$q-$rl$s- $t0$u3$v2$w3$x0$y.i10876212$z28-06-02 996 $aGeneral theory of algebraic varieties in projective space ; Quadrics and Grassmann varieties$9922754 997 $aUNISALENTO 998 $ale013$b01-01-95$cm$da $e-$feng$guk $h0$i1